000
00276nam a2200109Ia 4500
008
190914s9999||||xx |||||||||||||| ||und||
100
_a
William Wells
245
0
_a
Advertising Principles and Practice
260
_a
New Delhi
_b
Person Hall
_c
2005
300
_a
594
942
_c
BK
999
_c
9958
_d
9958